000 00572nam a2200229Ia 4500
003 OSt
005 20220924153333.0
006 a|||||r|||| 00| 0
007 ta
008 220923b |||||||| |||| 00| 0 guj d
024 _a347977
037 _cTextual
040 _aARTS
_cARTS
_bguj
041 _2guj
_aguj
082 _aV3.M7, 156A
100 _aMohanlal Ranchhod Das
_9228574
245 0 _aIngladni ka itihas
260 _c1800
650 _aHISTORY
942 _hV3.M7, 156A
_cTEXL
_2CC
999 _c473218
_d473218